000
00349nam a2200133Ia 4500
008
231129s9999||||xx |||||||||||||| ||spa||
020
_a
958-30-0038-8
040
_b
spa
082
_a
796.83 P434b
100
_a
Perea Rosero Tucidides
245
0
_a
Boxeo aficionado
264
_a
Panamericana
942
_2
ddc
_c
BKS
999
_c
1106
_d
1106